000 00432nam a2200181Ia 4500
003 GCL
008 140319s9999 xx 000 0 eng d
040 _aGCL /
_cGCL
082 0 4 _a635.9
_bB G
100 1 _aBROOKES, JOHN
245 1 0 _aGARDEN PLANNING /
_cBROOKES, JOHN
260 _a[S.N] :
_bDORLING KINDERSLEY ،
_c1992
300 _a224 P
650 0 4 _aGARDENS
650 0 4 _aPLANT
650 0 4 _aGARDENERS
942 _2ddc
_cBK
999 _c11126
_d11126